000 00668nam a2200205Ia 4500
003 GCL
008 140319s9999 xx 000 0 ara d
040 _aGCL /
_cGCL
082 0 4 _a812.008
_bل م
100 1 _aلطفى الخولى
245 1 0 _aمسرح لطفى الخولى /
_cلطفى الخولى
260 _a[S.N] :
_bالهيئة المصرية العامة للكتاب ،
_c1988
300 _aمتعدد الترقيم
490 _aمسرح لطفى الخولى
_v0
650 0 4 _aالادب العربى
650 0 4 _aالمسرح العربى
650 0 4 _aتاريخ ونقد
650 0 4 _aالمسرحيات العربية
942 _2ddc
_cBK
999 _c30081
_d30081